Tvorivo využívať schopnosti V Košiciach sa skončila celoslovenská konferencia o výchove mládeže

Bibliographic Details
Main Author: (zet) (Author)
Format: Article
Language:Slovak
Subjects:

MARC

LEADER 00000nab a2200000 a 4500
001 vtls000208833
003 SK-MaSNL
005 20260302203450.0
008 111130c1985 xo 0 slo
015 |a SNBRB19rr/mm-uuuuu 
035 |a CL0218946 
040 |a SNKBUCL  |b slo  |c SNKBUCL  |e AACR2 
041 0 |a slo 
044 |a xo  |c SK 
080 |a 37.01-055.2:061.3  |2 1981 
080 |a 061.3  |2 1981 
100 1 |a (zet)  |4 aut  |9 881093 
245 1 0 |a Tvorivo využívať schopnosti  |b V Košiciach sa skončila celoslovenská konferencia o výchove mládeže  |c (zet) 
650 0 7 |a mládež  |2 snkbucl  |9 1575 
651 7 |a 5403  |2 snkbucl  |9 893808 
655 7 |a články z novín a časopisov  |2 snkbucl  |9 267496 
773 0 |t Východoslovenské noviny  |g Roč. 34, č. 41 (18. 2. 1985), s. 1-2 
850 |a Slovenská národná knižnica v Martine  |a MTA001 
852 |a SNK  |b KIS3GCP 
958 |a RK 
992 |a RBX 
999 |c 1469331  |d 1471261